Bihārī kā nayā mūlyāṅkana / (Record no. 67217)

MARC details
000 -LEADER
fixed length control field 00917cam a22002654a 4500
001 - CONTROL NUMBER
control field sa 66000387
003 - CONTROL NUMBER IDENTIFIER
control field DLC
005 - DATE AND TIME OF LATEST TRANSACTION
control field 20260227112214.0
008 - FIXED-LENGTH DATA ELEMENTS--GENERAL INFORMATION
fixed length control field 890504s1964 ii b 000 0 hino
010 ## - LIBRARY OF CONGRESS CONTROL NUMBER
LC control number sa 66000387
035 ## - SYSTEM CONTROL NUMBER
System control number (OCoLC)19655044
040 ## - CATALOGING SOURCE
Original cataloging agency DLC
Transcribing agency DLC
Modifying agency DLC
041 0# - LANGUAGE CODE
Language code of text/sound track or separate title hin
-- bra
050 00 - LIBRARY OF CONGRESS CALL NUMBER
Classification number PK1967.9.V47
Item number Z8425 1964
100 1# - MAIN ENTRY--PERSONAL NAME
Personal name Siṃha, Baccana,
Dates associated with a name 1919-2008.
245 10 - TITLE STATEMENT
Title Bihārī kā nayā mūlyāṅkana /
Statement of responsibility, etc. Baccana Simha.
260 ## - PUBLICATION, DISTRIBUTION, ETC.
Place of publication, distribution, etc. Vārāṇasī :
Name of publisher, distributor, etc. Hindī Pracāraka Pustakālaya,
Date of publication, distribution, etc. 1964.
300 ## - PHYSICAL DESCRIPTION
Extent 181 p. ;
Dimensions 21 cm.
546 ## - LANGUAGE NOTE
Language note In Hindi and Braj.
500 ## - GENERAL NOTE
General note Previously published: Vārāṇasī : Hindī Pracāraka Pustakālaya, 1960.
500 ## - GENERAL NOTE
General note Includes the text of Vihārī Lāla's Satasaī.
504 ## - BIBLIOGRAPHY, ETC. NOTE
Bibliography, etc. note Includes bibliographical references.
600 00 - SUBJECT ADDED ENTRY--PERSONAL NAME
Personal name Vihārī Lāla,
Titles and other words associated with a name Kavi
General subdivision Criticism and interpretation.
700 02 - ADDED ENTRY--PERSONAL NAME
Personal name Vihārī Lāla,
Titles and other words associated with a name Kavi.
Title of a work Satasaī.

No items available.

Powered by Koha